St. Paul's epistle to the Galatians: (Record no. 5788)

000 -LEADER
fixed length control field 00628nam a2200181 a 4500
001 - CONTROL NUMBER
control field :::00003530$&:&@@
003 - CONTROL NUMBER IDENTIFIER
control field OkBaRHE
005 - DATE AND TIME OF LATEST TRANSACTION
control field 20000607103307.0
008 - FIXED-LENGTH DATA ELEMENTS--GENERAL INFORMATION
fixed length control field s1912 j 000 0 eng u
040 ## - CATALOGING SOURCE
Transcribing agency
100 1# - MAIN ENTRY--PERSONAL NAME
Personal name Girdlestone, Robert Baker, 1836-1923.
245 10 - TITLE STATEMENT
Title St. Paul's epistle to the Galatians:
Remainder of title a devotional commentary.
260 ## - PUBLICATION, DISTRIBUTION, ETC. (IMPRINT)
Place of publication, distribution, etc London, UK:EN., :
Name of publisher, distributor, etc The Religious Tract Society
Date of publication, distribution, etc 1912
300 ## - PHYSICAL DESCRIPTION
Extent 191 p. ;
Dimensions 19 cm.
650 ## - SUBJECT ADDED ENTRY--TOPICAL TERM
Topical term or geographic name as entry element Bible New Testament Galatians
General subdivision Commentaries
942 ## - ADDED ENTRY ELEMENTS (KOHA)
Source of classification or shelving scheme
Koha item type Books
Copies
Barcode Date last seen Withdrawn status Date acquired Lost status Not for loan Copy number Permanent Location Full call number Shelving location Source of classification or shelving scheme Koha item type Damaged status Price effective from
35302018-04-03 2010-04-14  1RHEMA Bible Training CollegeBS 2685 .G492General Stacks Books 2010-04-14